| 000 | 00628nam a22002055i 4500 | ||
|---|---|---|---|
| 001 | 48213 | ||
| 003 | ES-MaACL | ||
| 005 | 20250806085402.0 | ||
| 007 | t| | ||
| 008 | 950707s1878 sp ||||1| spa d | ||
| 040 |
_aCAM _bspa _cCAM |
||
| 100 | 1 |
_aChauvel, J. _938223 |
|
| 245 | 1 | 0 |
_aCompendio de operaciones de cirugía / _cpor... J. Chauvel: vertido al castellano por D. José Saenz y Criado. |
| 260 |
_aMadrid : _bR. Lavajos, _c1878. |
||
| 300 |
_a576 p. ; _c18 cm. |
||
| 650 | 0 | 7 |
_aCirugía _2embne _911050 |
| 700 | 1 |
_aSáenz y Criado, José. _9101340 |
|
| 852 |
_aES-MaACL _jG-13268 |
||
| 999 |
_c48213 _d48213 |
||